LIBRARY & INFORMATION CENTRE, KCAET, TAVANUR

ONLINE PUBLIC ACCESS CATALOGUE (OPAC)

Machining technology : (Record no. 13956)

MARC details
000 -LEADER
fixed length control field 00494cam a2200181 a 4500
020 ## - INTERNATIONAL STANDARD BOOK NUMBER
ISBN 9781420043396 (hardback : alk. paper)
020 ## - INTERNATIONAL STANDARD BOOK NUMBER
ISBN 1420043390 (hardback : alk. paper)
082 00 - DEWEY DECIMAL CLASSIFICATION NUMBER
Classification number 671.35
Item number YOU/MA
100 1# - MAIN ENTRY--AUTHOR NAME
Personal name Youssef, Helmi A.
245 10 - TITLE STATEMENT
Title Machining technology :
250 ## - EDITION STATEMENT
Edition statement Indian Edition
260 ## - PUBLICATION, DISTRIBUTION, ETC. (IMPRINT)
Place of publication Boca Raton :
Name of publisher CRC Press,
Year of publication c2008.
300 ## - PHYSICAL DESCRIPTION
Number of Pages xxxvi, 633 p. :
Other physical details ill. ;
650 #0 - SUBJECT ADDED ENTRY--TOPICAL TERM
Topical Term Machining.
650 #0 - SUBJECT ADDED ENTRY--TOPICAL TERM
Topical Term Machine-tools.
700 1# - ADDED ENTRY--PERSONAL NAME
Personal name El-Hofy, Hassan.
942 ## - ADDED ENTRY ELEMENTS (KOHA)
Koha item type Books
Holdings
Withdrawn status Lost status Damaged status Collection code Home library Current library Shelving location Date acquired Source of acquisition Cost, normal purchase price Full call number Accession Number Koha item type
      Non-fiction KAUAET KAUAET General Stacks 30/03/2013 Calicut Book Distributors 895.00 671.35 YOU/MA 23734 Books
free website counter